| 000 | 00504nam a22001577a 4500 | ||
|---|---|---|---|
| 003 | macl | ||
| 005 | 20210905155418.0 | ||
| 008 | 210905b |||||||| |||| 00| 0 eng d | ||
| 040 | _cmacl | ||
| 082 | _a800 | ||
| 100 |
_aकुमार ,आनन्द _977032 |
||
| 245 | _aगॉधी -लोहिया -जयप्रकाश और हमारा समय | ||
| 260 |
_aदिल्ली _bनयी किताब _c2014 |
||
| 650 | _aसाहित्य | ||
| 942 |
_2ddc _cHIN |
||
| 999 |
_c64206 _d64206 |
||